000 00380nam a2200133Ia 4500
008 100328s9999 xx 000 0 und d
082 _b58886
100 _aआशू रावजी आणि कानडे दिनू.
245 _aओळख.
260 _bडॉल्फिन लायब्ररी.
630 _aओळख.
730 _aओळख.
942 _cBOOK
999 _c545158
_d545155